书目信息 |
| 题名: |
唐刺史考
|
|
| 作者: | 郁贤皓 著 | |
| 分册: | 一 | |
| 出版信息: | 南京 江苏古籍出版社 1987.6 |
|
| 页数: | 458页 | |
| 开本: | 20cm | |
| 丛书名: | ||
| 单 册: | ||
| 中图分类: | K242.06 | |
| 科图分类: | ||
| 主题词: | 中国--历史 | |
| 电子资源: | ||
| ISBN: | 7-80519-012-7 | |
| 000 | 00541nam0 2200193 45 | |
| 001 | 0312221749 | |
| 005 | 20040505102931.5 | |
| 010 | @dCNY22.65@a7-80519-012-7 | |
| 100 | @a20031222d1987 km y0chiy0120 ea | |
| 101 | @achi | |
| 105 | @a z 000yy | |
| 200 | 1 | @a唐刺史考@h一@ATang Ci Shi Kao@f郁贤皓著@FYu Xian Hao Zhu |
| 210 | @a南京@c江苏古籍出版社@d1987.6@c江苏古籍出版社 | |
| 215 | @a458页@d20cm | |
| 606 | 0 | @a中国@x历史 |
| 690 | @aK242.06@v3 | |
| 701 | 0 | @a郁贤皓@4著 |
| 801 | @aCN@bTSTCL@c20031222 | |
| 905 | @dK242.06@e13:1@f1@b239168 | |
| 唐刺史考.一/郁贤皓著.-南京:江苏古籍出版社,1987.6:江苏古籍出版社 |
| 458页;20cm |
| ISBN 7-80519-012-7:CNY22.65 |
| ● |
| 相关链接 |
|
|
|
|
正题名:唐刺史考
索取号:K242.06/13:1
 
预约/预借
| 序号 | 登录号 | 条形码 | 馆藏地/架位号 | 状态 | 备注 |
| 1 | 0239168 | 000641087 | 第二借阅区/ [索取号:K242.06/13:1] | 在馆 | |
| 2 | 0239169 | 000641201 | 第二样本阅览室/ [索取号:K242.06/13:1] | 在馆 |